Návrh systému opatrení na zefektívnenie skladovania v priemyselnom podniku

Salvato in:
Dettagli Bibliografici
Autore principale: Beránek, Martin (Autore)
Altri autori: Fidlerová, Helena (Relatore della tesi)
Natura: Manoscritto Libro
Lingua:slovacco
Pubblicazione: 2018
Soggetti:
Accesso online:http://is.stuba.sk/zp/portal_zp.pl?podrobnosti=138602
Tags: Aggiungi Tag
Nessun Tag, puoi essere il primo ad aggiungerne!!

MARC

LEADER 00000ntm a22000003a 4500
001 stuzp66472
003 SK-STU
005 20180820153130.1
007 ta
008 150427s2015----xo-----f-mn---000-0-slo-d
040 |a STU  |b slo 
041 0 |a slo 
100 1 |a Beránek, Martin  |u 064000  |k Z4  |4 aut  |U MTF Materiálovotechnologická fakulta  |T MTF Ústav priemyselného inžinierstva a manažmentu  |X 71853  |U M4000  |Y 84  |7 71853 
242 0 1 |a Proposal for a system of measures to streamline storage in an industrial enterprise  |y eng 
245 1 0 |a Návrh systému opatrení na zefektívnenie skladovania v priemyselnom podniku 
260 |c 2018 
650 4 |a inventory  |2 eng 
650 4 |a logistics  |2 eng 
650 4 |a warehouse  |2 eng 
650 4 |a storage system  |2 eng 
650 4 |a sklad  |2 slo 
650 4 |a zásoby  |2 slo 
650 4 |a systém skladovania  |2 slo 
650 4 |a logistika  |2 slo 
700 1 |a Fidlerová, Helena  |u 064000  |k Z2  |4 ths  |U MTF Materiálovotechnologická fakulta  |T MTF Ústav priemyselného inžinierstva a manažmentu  |X 3662  |U M4000  |Y 84  |7 A000003662 
856 4 |u http://is.stuba.sk/zp/portal_zp.pl?podrobnosti=138602